| 000 | 00557nam a2200157Ia 4500 | ||
|---|---|---|---|
| 008 | 230907s9999||||xx |||||||||||||| ||und|| | ||
| 082 |
_a621.3 _bAHS |
||
| 100 |
_aAhsan Bin Ahmed (00000206998) _9116472 |
||
| 245 | 0 | _aTransactive Energy : Design and utilization of microgrids and Virtual Power Plants in smart grid for sustainable and robust energy policy / | |
| 260 |
_aUSPCAS-E, NUST, _bIslamabad : _c2019 |
||
| 300 | _a107 p. | ||
| 520 | _aTH-173 | ||
| 650 | _aMS-EEP Thesis MS Thesis | ||
| 700 |
_aDr Syed Ali Abbas Kazmi _9117439 |
||
| 942 |
_cTHE _2ddc |
||
| 999 |
_c601852 _d601852 |
||